000 00311nam a22001217a 4500
020 _a0-13-822262-2
082 _a333.7923 WAL'S
100 _aWALTON, A.L,WARREN, E.H
_974773
245 _aTHE SELAR ALTERNATIVE AN ECONOMIC PERSPECTIVE
260 _aNEWYORK
_bPRENTIC HALL
_c1982
300 _a173P
942 _cBK
999 _c580273
_d580273